Countries Closest to Venezuela A-Z - Statistics

General Stats
  • This quiz has been taken 272 times
  • The average score is 20 of 24
Answer Stats
Hint Answer % Correct
B Brazil
96%
C Colombia
96%
G Guyana
93%
E Ecuador
92%
Z Zambia
91%
H Haiti
90%
Y Yemen
90%
P Panama
89%
Q Qatar
89%
D Dominica
88%
A Antigua and Barbuda
87%
O Oman
87%
T Trinidad and Tobago
87%
J Jamaica
86%
F France
84%
N Nicaragua
83%
U United States of America
81%
M Mexico
79%
S St Vincent and the Grenadines
78%
V Vatican
72%
I Ireland
64%
L Liberia
59%
K Kosovo
58%
R Romania
56%
No matching quizzes found
Score Distribution
Percent of People with Each Score
Percentile by Number Answered
Your Score History
You have not taken this quiz